| 000 | 01233nam a2200337Ia 4500 | ||
|---|---|---|---|
| 001 | ebr10131913 | ||
| 003 | CaPaEBR | ||
| 006 | m u | ||
| 007 | cr cn||||||||| | ||
| 008 | 040317s2004 caua sb 001 0 eng d | ||
| 010 | _z 2004104229 | ||
| 015 |
_aGBA445724 _2bnb |
||
| 020 | _z0782151450 | ||
| 020 | _z078214344X (pbk.) | ||
| 040 |
_aCaPaEBR _cCaPaEBR |
||
| 035 | _a(OCoLC)173610105 | ||
| 050 | 1 | 4 |
_aHF5549 _b.B7582 2004eb |
| 082 | 0 | 4 |
_a658.3 _222 |
| 100 | 1 | _aBogardus, Anne M. | |
| 245 | 1 | 0 |
_aHuman resources jumpstart _h[electronic resource] / _cAnne M. Bogardus. |
| 246 | 3 | _aHuman resources jump start | |
| 260 |
_aSan Francisco ; _aLondon : _bSYBEX, _cc2004. |
||
| 300 |
_axx, 281 p. : _bill. |
||
| 504 | _aIncludes bibliographical references (p. 260-264) and index. | ||
| 533 |
_aElectronic reproduction. _bPalo Alto, Calif. : _cebrary, _d2009. _nAvailable via World Wide Web. _nAccess may be limited to ebrary affiliated libraries. |
||
| 650 | 0 | _aPersonnel management. | |
| 650 | 0 | _aManagement. | |
| 655 | 7 |
_aElectronic books. _2local |
|
| 710 | 2 | _aebrary, Inc. | |
| 856 | 4 | 0 |
_uhttp://site.ebrary.com/lib/rucke/Doc?id=10131913 _zAn electronic book accessible through the World Wide Web; click to view |
| 999 |
_c183432 _d183432 |
||